| 000 | 00615nam a22001457a 4500 | ||
|---|---|---|---|
| 003 | OSt | ||
| 005 | 20150930100455.0 | ||
| 008 | 150930b xxu||||| |||| 00| 0 eng d | ||
| 040 | _cRUA | ||
| 082 | _aAGR SIN 2011 B047 Or.1 | ||
| 100 |
_91590 _aSING, SEUN. |
||
| 245 | _aStudy of nema on the rice and vegetables in barray district, kompong thom province (សិក្សាវត្តមានណេម៉ាតូតទៅលើដំណាំស្រូវនិងបន្លែនៅស្រុកបារាយណ៏ខេត្តកំពង់ធំ) | ||
| 300 |
_ax, 45p. _bill. _c29cm. |
||
| 942 |
_2ddc _cAGR |
||
| 999 |
_c1501 _d1501 |
||